000 00744nam a2200253Ia 4500
003 OSt
005 20221005035616.0
006 a|||||r|||| 00| 0
007 ta
008 221004b |||||||| |||| 00| 0 urd d
020 _a9789384269661 (hbk)
_cINR 300.00
024 _a37193
037 _b4918, 25/02/2017, Kitabi Duniya
_cTextual
040 _aCRL
_cCRL
_burd
041 _2urd
_aurd
082 _aO168,1N501x, Q6
100 _aKazmi Akhtar Au.
_9588460
245 0 _aShehr-e-sukhan
260 _aDelhi
_bKitabi duniya India
_c2016
300 _a336p.
_ccm.
650 _aURDU POETRY
942 _hO168,1N501x, Q6
_cTEXL
_2cc
999 _c945487
_d945487